000 01209nam a2200301 i 4500
001 bg
003 BPK
005 20220609113333.0
008 080421s1961 pl a f f |000 0 pol
015 _aPB 1961/1094
040 _aWA N
_cBPK
041 1 _apol
_hfre
080 _a681.5
080 _a(076)
100 1 _aDecaulne, Paul
_d(1928- )
_eAutor
245 1 0 _aSerwomechanizmy.
_nT. 2,
_pZadania i rozwiązania /
_cP. Decaulne, J. C. Gille, M. Pélegrin ; tł. Ryszard Kontkiewicz.
246 1 _iTyt. oryg.:
_aProblèmes d'asservissements avec solutions.
260 _aWarszawa :
_bPaństwowe Wydawnictwa Techniczne,
_c1961.
300 _a194 s. :
_bil., err. ;
_c25 cm.
521 8 _aDla inżynierów interesującymi się zagadnieniami automatyki oraz słuchaczy wyższych szkół technicznych odnośnych specjalności.
655 4 _aĆwiczenia i zadania
650 4 _aAutomatyka
700 1 _aGille, Jean-Charles
_d(1924-1995)
_eAutor
700 1 _aPélegrin, Marc
_d(1923- )
_eAutor
700 1 _aKontkiewicz, Ryszard
_eTłumaczenie
856 _uhttp://koha.tu.koszalin.pl/cgi-bin/koha/opac-detail.pl?biblionumber=21014
_yKatalog online BPK
942 _2UKD
_cKS
999 _c21014
_d21014